000 01153cam a22003015i 4500
999 _c28690
_d28661
001 010694681
003 EG-ScBUE
005 20200908131503.0
008 940208r20031993ii#a f b 001 0 eng d
020 _a8178085577
020 _a9788178085579
040 _aUk
_beng
_erda
_cUk
_dEG-ScBUE
082 0 4 _a621.4021
_bEAS
_222
100 1 _aEastop, T. D.
_q(Thomas Deas),
_d1931-
_eauthor.
245 1 0 _aApplied thermodynamics for engineering technologists /
_cT. D. Eastop, Honorary Research Fellow, University of Exeter, A. McConkey, Formerly Head of the Department of Mechanical and Industrial Engineering at Dundee College of Technology.
250 _aFifth edition.
250 _aThird Indian reprinted.
264 1 _aPatparganj, Delhi :
_bPearson Education (Singapore),
_c2003.
300 _axix,715 pages :
_billustrations ;
_c24 cm
336 _atext
_btxt
_2rdacontent
337 _aunmediated
_bn
_2rdamedia
338 _avolume
_bnc
_2rdacarrier
504 _aIncludes bibliographical references and index.
650 7 _aThermodynamics.
_2BUEsh
653 1 _bENGGEN
700 1 _aMcConkey, A.
_q(Allan),
_d1927-
_eauthor.
942 _2ddc
_cBB